[Event "Mistrzostwa Polski Juniorow do lat 16 - Chlopcy"]
[Site "Jastrzebia Gora"]
[Date "1899-12-30"]
[Round "6.24"]
[White "Wandor, Adam"]
[Black "Murawski, Milosz"]
[Result "0-1"]
[WhiteTitle "II+"]
[BlackTitle "I"]
[WhiteElo "1641"]
[BlackElo "1691"]

1. e4 c5 2. Nf3 e6 3. c3 Nf6 4. d3 Be7 5. Be2 O-O 6. O-O d5 7. e5 Nfd7 8. d4 Nc6
9. Be3 Qb6 10. Qd2 f6 11. exf6 Nxf6 12. Qc2 Bd7 13. Nbd2 Rac8 14. Qb3 Qc7 15.
dxc5 Ng4 16. Bd4 Na5 17. Qd1 e5 18. Nxe5 Nxe5 19. Nf3 Ng6 20. Be3 Be6 21. Nd4
Bf7 22. Bg4 Rce8 23. Ne6 Bxe6 24. Bxe6+ Kh8 25. Qxd5 Nc6 26. Qh5 Nf4 27. Bxf4
Qxf4 28. Bd7 Rd8 29. Bxc6 bxc6 30. Rae1 Rd5 31. Qxd5 cxd5 32. Rxe7 Qd2 33. Rb7
Kg8 34. c6 Rc8 35. Rxa7 Rxc6 36. Rb7 h6 37. a4 Ra6 38. Rb4 d4 39. Rxd4 Qxb2 40.
Re4 Qxc3 41. Rg4 Qa3 42. Re4 Rxa4 43. Rxa4 Qxa4 44. Re1 Kf7 45. Kf1 Qc4+ 46. Kg1
Kf6 47. f3 Qd4+ 48. Kf1 g5 49. Re4 Qd1+ 50. Kf2 Kf5 51. h3 Qh1 52. Re1 Qh2 53.
Re4 h5 54. Kf1 Qh1+ 55. Kf2 Qd1 56. Kg3 Qg1 57. h4 gxh4+ 58. Rxh4 Qe1+ 59. Kh3
Kg5 60. Re4 Qf2 61. Re5+ Kf4 62. Re4+ Kf5 63. Re8 Qg1 64. Re4 Kg5 65. Re5+ Kf4
66. Re4+ Kf5 67. Kg3 Qh1 68. Rf4+ Kg5 69. Re4 Qa1 70. Kh3 Qc1 71. Re5+ Kf4 72.
Re4+ Kf5 73. Kg3 Qc7+ 74. Kh3 Kg5 75. g3 Qc3 76. Re5+ Kg6 77. f4 Qf3 78. Re6+
Kf5 79. Re5+ Kf6 80. Re1 Qg4+ 81. Kg2 h4 82. Re3 hxg3 83. Rxg3 Qe2+ 84. Kh3 Kf5
85. Ra3 Qf1+ 86. Kg3 Qxf4+ 87. Kg2 Qd2+ 88. Kf3 Qd1+ 89. Kf2 Kf4 90. Ra8 Qf3+
0-1

[Event "Mistrzostwa Polski Juniorow do lat 16 - Chlopcy"]
[Site "Jastrzebia Gora"]
[Date "1899-12-30"]
[Round "7.1"]
[White "Malek, Jan"]
[Black "Klimkowski, Jan"]
[Result "1/2-1/2"]
[WhiteTitle "m"]
[BlackTitle "FM"]
[WhiteElo "2389"]
[BlackElo "2481"]

1. e4 c5 2. Nf3 d6 3. d4 cxd4 4. Nxd4 Nf6 5. Nc3 a6 6. Be3 e5 7. Nb3 Be6 8. f3
h5 9. Nd5 Bxd5 10. exd5 Nbd7 11. Qd2 g6 12. O-O-O Nb6 13. Kb1 Nbxd5 14. Bg5 Be7
15. Bd3 Qc7 16. Rhe1 O-O 17. h3 Nf4 18. Bxf4 exf4 19. Qxf4 Rae8 20. g4 Bd8 21.
Qh6 Rxe1 22. Rxe1 Nh7 23. Qe3 Nf6 24. Qh6 Nh7 25. Qc1 hxg4 26. hxg4 Bf6 27. f4
Bg7 28. f5 g5 29. f6 Nxf6 30. Qxg5 Re8 31. Rf1 Re5 32. Qh4 Qe7 33. Bf5 Nd5 34.
g5 Ne3 35. Bh7+ Kf8 36. Rg1 d5 37. Bd3 Nc4 38. c3 Nd6 39. Nd4 Ne4 40. Qf4 Nc5
41. Bf5 Re1+ 42. Rxe1 Qxe1+ 43. Kc2 Be5 44. Qg4 Qf2+ 45. Ne2 Qe3 46. g6 fxg6 47.
Bxg6 Ke7 48. Qh4+ Bf6 49. Qh2 Be5 50. Qh7+ Kd6 51. Bd3 Nxd3 52. Qxd3 Qxd3+ 53.
Kxd3 Kc5 54. a4 a5 55. Nc1 b5 56. b3 bxa4 57. bxa4 Bg7 58. Nb3+ Kb6 59. Nd4 Be5
60. Nf3 Bf6 61. Nd2 Bg7 62. Nb3 1/2-1/2

[Event "Mistrzostwa Polski Juniorow do lat 16 - Chlopcy"]
[Site "Jastrzebia Gora"]
[Date "1899-12-30"]
[Round "7.2"]
[White "Dziewonski, Dariusz"]
[Black "Fiszer, Bartosz"]
[Result "1/2-1/2"]
[WhiteTitle "k"]
[BlackTitle "CM"]
[WhiteElo "2237"]
[BlackElo "2232"]

1. e4 c5 2. Nf3 d6 3. d4 cxd4 4. Nxd4 Nf6 5. Nc3 Nc6 6. Bg5 e6 7. Qd2 a6 8. O-O-O
Bd7 9. f4 b5 10. Bxf6 gxf6 11. Kb1 b4 12. Nce2 Qb6 13. Nxc6 Bxc6 14. f5 e5 15.
Ng3 h5 16. h4 Qc5 17. Qe2 Ke7 18. Nxh5 Bb5 19. Qg4 Bh6 20. Rd5 Qc7 21. Qd1 Bc6
22. Bc4 Rac8 23. g4 Bxd5 24. Bxd5 Qc5 25. g5 fxg5 26. f6+ Kf8 27. Bb3 g4 28. Ng7
Bxg7 29. fxg7+ Kxg7 30. Qxg4+ Kf8 31. Rf1 Rc7 32. Qg6 d5 33. exd5 Rxh4 34. Qf6
Qe7 35. Qxa6 Rd7 36. a4 bxa3 37. bxa3 e4 38. d6 Rxd6 39. Qc8+ Kg7 40. Rxf7+ Qxf7
41. Bxf7 Kxf7 42. Qf5+ Rf6 43. Qd5+ Kg6 44. a4 Rf5 45. Qe6+ Kg5 46. Qe7+ Rf6 47.
Qe5+ Rf5 48. Qe7+ Rf6 1/2-1/2

[Event "Mistrzostwa Polski Juniorow do lat 16 - Chlopcy"]
[Site "Jastrzebia Gora"]
[Date "1899-12-30"]
[Round "7.3"]
[White "Janeczko, Jakub"]
[Black "Madej, Marek"]
[Result "0-1"]
[WhiteTitle "I++"]
[BlackTitle "I++"]
[WhiteElo "2221"]
[BlackElo "2052"]

1. e4 c6 2. d4 d5 3. e5 Bf5 4. Nc3 e6 5. g4 Bg6 6. Nge2 Qb6 7. h4 h5 8. Nf4 Bh7
9. g5 Ne7 10. Qxh5 Qxd4 11. Be3 Qxe5 12. O-O-O Qd6 13. Bh3 e5 14. Ne6 Bf5 15.
Qxh8 Qxe6 16. h5 Bxh3 17. h6 gxh6 18. gxh6 Nd7 19. Ne4 dxe4 20. h7 O-O-O 21. Bg5
Qxa2 22. Rxd7 Qa1+ 23. Kd2 Rxd7+ 24. Ke2 Bg4+ 25. f3 Bxf3+ 26. Ke3 Qxh1 27. Qxf8+
Kc7 0-1

[Event "Mistrzostwa Polski Juniorow do lat 16 - Chlopcy"]
[Site "Jastrzebia Gora"]
[Date "1899-12-30"]
[Round "7.4"]
[White "Rog, Bartlomiej"]
[Black "Meers, Hubert"]
[Result "1/2-1/2"]
[WhiteTitle "k"]
[BlackTitle "k"]
[WhiteElo "2127"]
[BlackElo "2150"]

1. Nf3 d5 2. c4 e6 3. g3 Nf6 4. Bg2 Be7 5. O-O O-O 6. b3 c6 7. d4 Nbd7 8. Qc2 Re8
9. Bb2 b6 10. Nbd2 Bb7 11. e4 Nxe4 12. Nxe4 dxe4 13. Qxe4 Nf6 14. Qe2 Qc7 15.
Rfd1 Rad8 16. Rd3 c5 17. dxc5 Bxc5 18. Bxf6 gxf6 19. Rad1 Bc6 20. Nh4 Bxg2 21.
Nxg2 Be7 22. Nf4 f5 23. Nxe6 fxe6 24. Qxe6+ Kg7 25. Rd7 Rxd7 26. Rxd7 Qc5 27.
h4 f4 28. Qg4+ Kh8 29. Qxf4 Rf8 30. Qd2 a5 31. Qe2 Bf6 32. Rd5 Qc7 33. Rf5 1/2-1/2

[Event "Mistrzostwa Polski Juniorow do lat 16 - Chlopcy"]
[Site "Jastrzebia Gora"]
[Date "1899-12-30"]
[Round "7.5"]
[White "Zalega, Maciej"]
[Black "Grot, Blazej"]
[Result "1-0"]
[WhiteTitle "I++"]
[BlackTitle "CM"]
[WhiteElo "2140"]
[BlackElo "1862"]

1. Nf3 Nf6 2. c4 e6 3. e3 d5 4. Nc3 c6 5. d4 Nbd7 6. Qc2 Be7 7. b3 b6 8. Bd3 Bb7
9. Bb2 h6 10. O-O O-O 11. Rad1 Qc7 12. Ne5 Rac8 13. f4 Rfd8 14. Qe2 c5 15. f5
exf5 16. Bxf5 cxd4 17. exd4 dxc4 18. Nb5 Qb8 19. Nxd7 Nxd7 20. Qxe7 cxb3 21. Nd6
Rc7 22. Nxf7 Re8 23. Nxh6+ gxh6 24. Qh7+ Kf8 25. Bxd7+ 1-0

[Event "Mistrzostwa Polski Juniorow do lat 16 - Chlopcy"]
[Site "Jastrzebia Gora"]
[Date "1899-12-30"]
[Round "7.6"]
[White "Starosciak, Szymon"]
[Black "Klim, Filip"]
[Result "1-0"]
[WhiteTitle "I++"]
[BlackTitle "k"]
[WhiteElo "2037"]
[BlackElo "2083"]

1. e4 e5 2. Nf3 Nc6 3. Bb5 Nge7 4. O-O Ng6 5. c3 a6 6. Ba4 d5 7. d4 dxe4 8. Nxe5
Ngxe5 9. dxe5 Qxd1 10. Rxd1 Bd7 11. Bc2 Nxe5 12. Bxe4 O-O-O 13. Bf4 Bd6 14. Nd2
Bg4 15. Rf1 Nc4 16. Nxc4 Bxf4 17. g3 Be2 18. Na5 Bxf1 19. Bxb7+ Kd7 20. Kxf1 Bd6
21. Bxa6 Rb8 22. b4 h5 23. a4 h4 24. Kg2 h3+ 25. Kf3 f5 26. Bb5+ Ke6 27. Nc6 Ra8
28. a5 g5 29. a6 Kf6 30. Ke2 f4 31. Kf3 fxg3 32. fxg3 Rae8 33. a7 Rhf8 34. Kg4
Rh8 35. Nd4 Re4+ 36. Kf3 Ke5 37. a8=Q g4+ 38. Kf2 Rxa8 39. Rxa8 c5 40. Re8+ 1-0

[Event "Mistrzostwa Polski Juniorow do lat 16 - Chlopcy"]
[Site "Jastrzebia Gora"]
[Date "1899-12-30"]
[Round "7.7"]
[White "Raczek, Krzysztof"]
[Black "Musial, Igor"]
[Result "1-0"]
[WhiteTitle "k"]
[BlackTitle "I"]
[WhiteElo "2186"]
[BlackElo "1825"]

1. e4 c5 2. Nf3 d6 3. d4 cxd4 4. Nxd4 Nf6 5. Nc3 a6 6. h4 e5 7. Nb3 Be7 8. Bg5
Be6 9. Bxf6 Bxf6 10. g3 Be7 11. Qd2 Nd7 12. O-O-O Nf6 13. f4 Rc8 14. f5 Bd7 15.
Bg2 Bc6 16. Bf3 h5 17. Kb1 Qc7 18. Qe2 b5 19. Nd5 Bxd5 20. exd5 Kf8 21. Rhe1 Bd8
22. Rd3 Qd7 23. Be4 Bb6 24. Nd2 Ke7 25. Rf1 Rc5 26. Bg2 Qc7 27. Ne4 Nxe4 28. Bxe4
Kd8 29. Rff3 Kc8 30. Rc3 Kb7 31. Rfd3 b4 32. Rxc5 Qxc5 33. Rd1 Qe3 34. Qxe3 Bxe3
35. Rd3 Bc5 36. c3 a5 37. Kc2 Kc7 38. Rf3 bxc3 39. Rxc3 Kd7 40. Bf3 g6 41. Be4
Rg8 42. Rf3 Ke7 43. f6+ Kd7 44. Kd3 Bd4 45. Kd2 Rb8 46. b3 Rc8 47. Bd3 Rb8 48.
a4 Bc5 49. Bb5+ Kc7 50. Kd3 Kd8 51. Ke4 Bb4 52. Rf1 Rc8 53. Bc6 Rb8 54. Bb5 Rc8
55. Bc4 Kc7 56. Ba6 Rb8 57. Rc1+ Bc5 58. Bb5 Rh8 59. Rc3 Rd8 60. Rxc5+ dxc5 61.
Kxe5 Rg8 62. d6+ Kb6 63. Bc4 Re8+ 64. Kf4 Rd8 65. Bxf7 Rf8 66. Ke5 1-0

[Event "Mistrzostwa Polski Juniorow do lat 16 - Chlopcy"]
[Site "Jastrzebia Gora"]
[Date "1899-12-30"]
[Round "7.8"]
[White "Krawczyk, Flawian"]
[Black "Kutowski, Marcel"]
[Result "1/2-1/2"]
[WhiteTitle "CM"]
[BlackTitle "I++"]
[WhiteElo "1988"]
[BlackElo "2070"]

1. e4 c6 2. d4 d5 3. e5 Bf5 4. h4 h5 5. Bd3 Bxd3 6. Qxd3 Qa5+ 7. Nd2 e6 8. Ngf3
Qa6 9. c4 Bb4 10. O-O Ne7 11. b3 c5 12. dxc5 Nd7 13. Qc2 Nxc5 14. a3 Bxd2 15.
Nxd2 Nd7 16. cxd5 Nxd5 17. Nc4 O-O 18. Qe2 N7b6 19. Re1 Nxc4 20. bxc4 Ne7 21.
Bg5 Nf5 22. Qxh5 Rac8 23. Re4 Rxc4 24. Qg4 Rfc8 25. Rxc4 Rxc4 26. Qh3 Qa5 27.
Qb3 Qxe5 28. Rd1 Rd4 29. Rxd4 Nxd4 30. Qxb7 Qe1+ 31. Kh2 Qxf2 32. Qa8+ Kh7 33.
Qe4+ f5 34. Be3 fxe4 35. Bxf2 Nc2 36. Bxa7 Nxa3 37. Kg3 1/2-1/2

[Event "Mistrzostwa Polski Juniorow do lat 16 - Chlopcy"]
[Site "Jastrzebia Gora"]
[Date "1899-12-30"]
[Round "7.9"]
[White "Malinowski, Szymon"]
[Black "Demski, Michal"]
[Result "0-1"]
[WhiteTitle "I++"]
[BlackTitle "I+"]
[WhiteElo "1946"]
[BlackElo "2009"]

1. d4 d5 2. Bf4 c5 3. e3 cxd4 4. exd4 Nc6 5. Nf3 Nf6 6. Bd3 Bg4 7. c3 e6 8. Nbd2
Bd6 9. Bg3 O-O 10. O-O Bxg3 11. hxg3 Rb8 12. Qe2 a6 13. a4 Re8 14. Qe3 Qb6 15.
b4 e5 16. a5 Qa7 17. dxe5 Qxe3 18. fxe3 Nxe5 19. Bc2 Rbc8 20. Rac1 Nxf3+ 21. gxf3
Rxe3 22. c4 Be6 23. Kf2 d4 24. Be4 Nxe4+ 25. Nxe4 Rb3 26. Rb1 Rxc4 27. Rxb3 Rc2+
28. Kg1 Bxb3 29. Nc5 Bd5 30. Re1 g6 31. Re8+ Kg7 32. Rd8 Bxf3 33. Rxd4 h5 34.
Rd7 Bc6 35. Rc7 Rg2+ 36. Kf1 Rxg3 37. Nxa6 h4 38. Nc5 h3 0-1

[Event "Mistrzostwa Polski Juniorow do lat 16 - Chlopcy"]
[Site "Jastrzebia Gora"]
[Date "1899-12-30"]
[Round "7.10"]
[White "Kejna, Piotr"]
[Black "Pancewicz, Szymon"]
[Result "1-0"]
[WhiteTitle "CM"]
[BlackTitle "I+"]
[WhiteElo "2027"]
[BlackElo "1909"]

1. d4 d5 2. Nc3 Nf6 3. Bg5 Bf5 4. Bxf6 exf6 5. e3 c6 6. Bd3 Qc8 7. Nge2 Bd6 8.
Ng3 Bxd3 9. Qxd3 O-O 10. e4 dxe4 11. Ncxe4 Bc7 12. O-O-O Nd7 13. Nf5 Kh8 14. g4
Bf4+ 15. Kb1 g6 16. Ne3 Qc7 17. h4 Kg7 18. Ng2 Rae8 19. Qf3 Bd6 20. h5 Re6 21.
hxg6 fxg6 22. Qh3 Rh8 23. Qh6+ Kf7 24. Nxd6+ Qxd6 25. f4 Re2 26. f5 g5 27. Ne1
Nb6 28. Nf3 Nc4 29. Rd3 b5 30. Rc1 Qb4 31. Rb3 Nd2+ 32. Nxd2 Qxd2 33. Qh1 Rg2
34. d5 Rh2 35. Qg1 Re8 36. Rd3 Qf4 37. dxc6 Re7 38. Rd7 Rhe2 39. Rxa7 Qc4 40.
Rxe7+ Rxe7 41. Qg2 Kg7 42. b3 Qc5 43. Rd1 Rc7 44. Rd7+ Rxd7 45. cxd7 Qd6 46. a4
Qd1+ 47. Kb2 Qxd7 48. axb5 Qxb5 49. Qe4 Qd7 50. b4 h5 51. gxh5 Kh6 52. Qe6 Qd4+
53. c3 Qd2+ 54. Kb3 Qd1+ 55. Kc4 Qf1+ 56. Kc5 Qf2+ 57. Kb5 Qf1+ 58. c4 Kxh5 59.
Qxf6 Kg4 60. Qe5 Qf3 61. Kb6 Qa8 62. b5 Qd8+ 63. Kb7 Kh3 64. f6 g4 65. f7 g3 66.
Qh5+ Kg2 67. Qd5+ 1-0

[Event "Mistrzostwa Polski Juniorow do lat 16 - Chlopcy"]
[Site "Jastrzebia Gora"]
[Date "1899-12-30"]
[Round "7.11"]
[White "Skrzypinski, Jan"]
[Black "Dylong, Antoni"]
[Result "0-1"]
[WhiteTitle "I"]
[BlackTitle "I+"]
[WhiteElo "1688"]
[BlackElo "2034"]

1. e4 e6 2. d4 d5 3. e5 c5 4. c3 Qb6 5. Nf3 Nc6 6. Bd3 cxd4 7. O-O Bd7 8. Re1 a5
9. Nbd2 Nge7 10. c4 Nb4 11. Bb1 Rc8 12. a3 Na6 13. Qe2 Ng6 14. Bxg6 hxg6 15. cxd5
exd5 16. e6 Bxe6 17. Ng5 Be7 18. Ndf3 Bxg5 19. Nxg5 O-O 20. Qf3 Nc5 21. Nxe6 Nxe6
22. Qxd5 Rc2 23. Qe4 Rfc8 24. Bf4 Qc6 25. Qxc6 R8xc6 26. Bc1 Nc5 27. Bg5 f6 28.
Bh4 d3 29. b4 Nb3 30. Rad1 d2 31. Rf1 Rc1 0-1

[Event "Mistrzostwa Polski Juniorow do lat 16 - Chlopcy"]
[Site "Jastrzebia Gora"]
[Date "1899-12-30"]
[Round "7.12"]
[White "Trzebinski, Patryk"]
[Black "Jaskiewicz, Kacper"]
[Result "1-0"]
[WhiteTitle "I++"]
[BlackTitle "I+"]
[WhiteElo "1826"]
[BlackElo "2027"]

1. e4 c5 2. Nc3 Nc6 3. f4 g6 4. Nf3 Bg7 5. Bb5 Nd4 6. O-O a6 7. Bd3 d6 8. Nxd4
cxd4 9. Ne2 e5 10. c3 dxc3 11. bxc3 Nf6 12. Ba3 Ng4 13. Qa4+ Bd7 14. Qb4 b5 15.
h3 Qb6+ 16. Kh1 Nf2+ 17. Rxf2 Qxf2 18. Qxd6 Qh4 19. fxe5 Qd8 20. Qd4 g5 21. Ng3
h5 22. Rf1 g4 23. e6 Bxe6 24. Qxg7 Kd7 25. Nf5 Rg8 26. Qd4+ Kc8 27. Ne7+ Kb7 28.
Nxg8 Qxg8 29. e5 f5 30. exf6 Bd5 31. f7 Qg5 32. Rf5 Bxg2+ 33. Kxg2 1-0

[Event "Mistrzostwa Polski Juniorow do lat 16 - Chlopcy"]
[Site "Jastrzebia Gora"]
[Date "1899-12-30"]
[Round "7.13"]
[White "Nowak, Filip"]
[Black "Duda, Szymon"]
[Result "0-1"]
[WhiteTitle "I"]
[BlackTitle "I+"]
[WhiteElo "1893"]
[BlackElo "1768"]

1. e4 e5 2. Nf3 Nc6 3. Bb5 a6 4. Ba4 Nf6 5. O-O b5 6. Bb3 Bc5 7. a4 Rb8 8. c3 d6
9. d4 Bb6 10. axb5 axb5 11. Na3 O-O 12. Nxb5 Bg4 13. Bc2 Bxf3 14. gxf3 Nh5 15.
f4 Nxf4 16. Bxf4 exf4 17. Qg4 Ne7 18. Qxf4 f5 19. exf5 c6 20. Na3 d5 21. Rae1
Bc7 22. Qh4 Rf6 23. Qg4 Qd6 24. f4 Rxb2 25. Re6 Qxa3 26. Rxf6 Qxc3 27. Re6 Qxc2
28. Qh3 Qxf5 29. Qxf5 Nxf5 30. Rxc6 Bb6 31. Rfc1 Nxd4 0-1

[Event "Mistrzostwa Polski Juniorow do lat 16 - Chlopcy"]
[Site "Jastrzebia Gora"]
[Date "1899-12-30"]
[Round "7.14"]
[White "Gbiorczyk, Mikolaj"]
[Black "Ugorek, Kacper"]
[Result "1-0"]
[WhiteTitle "I+"]
[BlackTitle "I"]
[WhiteElo "1853"]
[BlackElo "1650"]

1. d4 g6 2. e4 Bg7 3. Nc3 d6 4. Be3 a6 5. Qd2 b5 6. f3 Nd7 7. O-O-O Bb7 8. h4 h5
9. Nh3 Nb6 10. a3 c6 11. e5 Nh6 12. exd6 Qxd6 13. Ne4 Qd8 14. Nhg5 Bc8 15. Kb1
Nf5 16. Bf2 Nd5 17. Bd3 f6 18. g4 hxg4 19. fxg4 e6 20. gxf5 exf5 21. Rde1 Kf8
22. Nc5 fxg5 23. hxg5 Rxh1 24. Rxh1 a5 25. Qe2 Qe7 26. Qf3 b4 27. Re1 Qxg5 28.
Re6 bxa3 29. Rxc6 Qd8 30. Rxc8 Nc3+ 31. bxc3 Qxc8 32. Bg3 Bf6 33. Qd5 Kg7 34.
Bc4 Ra7 35. Be5 Bxe5 36. Qxe5+ Kh6 37. Qh2+ Kg7 38. Ne6+ Kg8 39. Nc5+ Kg7 40.
Ne6+ Kg8 41. Qh6 Qb7+ 42. Kc1 Qf7 43. d5 f4 44. Ng5 Qc7 45. Qxg6+ Kh8 46. Qh6+
Kg8 47. Bb3 a4 48. Ba2 Qxc3 49. d6+ Rf7 50. Bxf7# 1-0

[Event "Mistrzostwa Polski Juniorow do lat 16 - Chlopcy"]
[Site "Jastrzebia Gora"]
[Date "1899-12-30"]
[Round "7.15"]
[White "Kubik, Rafal"]
[Black "Maslanka, Wojciech"]
[Result "1-0"]
[WhiteTitle "I++"]
[BlackTitle "k"]
[WhiteElo "1995"]
[BlackElo "2090"]

1. e4 c5 2. c3 Nf6 3. e5 Nd5 4. Nf3 Nc6 5. Bc4 Nb6 6. Bb3 d5 7. exd6 Qxd6 8. O-O
c4 9. Bc2 Bg4 10. h3 Bh5 11. Re1 O-O-O 12. b3 Ne5 13. Rxe5 Bxf3 14. Qe1 Bc6 15.
Na3 f6 16. Re2 cxb3 17. axb3 e5 18. Be4 Qd7 19. Bxc6 Qxc6 20. Re4 f5 21. Rxe5
Nd5 22. Qf1 Bc5 23. Nc4 a6 24. d4 Ba7 25. Bd2 Bb8 26. Rxf5 Rhe8 27. Re1 Qc7 28.
g3 Rf8 29. Rxf8 Rxf8 30. Qg2 Qf7 31. Ne5 Qe6 32. Ng6 Qxg6 33. Qxd5 Re8 34. Rxe8+
Qxe8 35. Qf5+ Kc7 36. Bf4+ Kc6 37. Qc5+ Kd7 38. Qd5+ 1-0

[Event "Mistrzostwa Polski Juniorow do lat 16 - Chlopcy"]
[Site "Jastrzebia Gora"]
[Date "1899-12-30"]
[Round "7.16"]
[White "Marek, Grzegorz"]
[Black "Kazmierowski, Tymon"]
[Result "0-1"]
[WhiteTitle "I"]
[BlackTitle "I++"]
[WhiteElo "1657"]
[BlackElo "1998"]

1. Nf3 c5 2. b3 d5 3. Bb2 Nc6 4. e3 Nf6 5. Bb5 Bd7 6. O-O e6 7. d4 a6 8. Be2 cxd4
9. Nxd4 Bd6 10. c4 O-O 11. cxd5 Nxd5 12. Nc3 Nxc3 13. Bxc3 Qc7 14. h3 e5 15. Nxc6
Bxc6 16. Bb2 Rfd8 17. Qc2 Qe7 18. Rac1 Rac8 19. Qb1 Qg5 20. Bg4 g6 21. e4 Rc7
22. Bf3 Rcd7 23. a3 Bc7 24. Rcd1 Bb6 25. Rxd7 Rxd7 26. Rd1 Qg3 27. Kh1 Bxf2 28.
Bg4 Rxd1+ 29. Bxd1 Bd7 30. Bf3 Bxh3 31. Bxe5 Bxg2+ 32. Bxg2 Qxe5 33. Qd1 Bc5 34.
b4 Bd6 35. Kg1 Kg7 36. Qd5 Qxd5 37. exd5 Kf6 38. Kf2 Ke5 39. Ke3 f5 40. Kd3 g5
41. Kc4 b6 42. a4 g4 43. Kd3 Bxb4 0-1

[Event "Mistrzostwa Polski Juniorow do lat 16 - Chlopcy"]
[Site "Jastrzebia Gora"]
[Date "1899-12-30"]
[Round "7.17"]
[White "Wierzbicki, Dawid"]
[Black "Paszkowski, Krystian"]
[Result "1/2-1/2"]
[WhiteTitle "I"]
[BlackTitle "I++"]
[WhiteElo "1766"]
[BlackElo "1992"]

1. e4 c5 2. Nf3 Nc6 3. c3 Nf6 4. e5 Nd5 5. Bc4 Nb6 6. Bb3 c4 7. Bc2 g6 8. Na3 d5
9. exd6 Qxd6 10. Qe2 Be6 11. b3 cxb3 12. axb3 Bg7 13. O-O h6 14. d4 O-O 15. Nc4
Nxc4 16. bxc4 Bg4 17. Ba3 Qc7 18. h3 Bxf3 19. Qxf3 Rfe8 20. Be4 Rac8 21. Rfe1
Bf8 22. h4 h5 23. Qd3 Bg7 24. c5 e6 25. Qf3 Qe7 26. g3 Qd7 27. Rab1 Rc7 28. Red1
Qc8 29. Bc1 Nd8 30. Bg5 b6 31. cxb6 axb6 32. Rdc1 Nc6 33. Kg2 b5 34. Rxb5 Nxd4
35. cxd4 Rxc1 36. Bxc1 Qxc1 37. Rb7 f5 38. Bc6 Rd8 39. d5 Rd6 40. Be8 exd5 41.
Bf7+ 1/2-1/2

[Event "Mistrzostwa Polski Juniorow do lat 16 - Chlopcy"]
[Site "Jastrzebia Gora"]
[Date "1899-12-30"]
[Round "7.18"]
[White "Lonski, Aleksander"]
[Black "Brozynski, Patryk"]
[Result "1/2-1/2"]
[WhiteTitle "I"]
[BlackTitle "II+"]
[WhiteElo "1707"]
[BlackElo "1910"]

1. e4 c5 2. c4 Nc6 3. Ne2 e6 4. d4 cxd4 5. Nxd4 Nf6 6. Nc3 Bb4 7. Nxc6 bxc6 8.
Bd3 e5 9. Bd2 d6 10. O-O O-O 11. Rb1 Be6 12. Qc2 Qe7 13. h3 Nd7 14. a3 Bxc3 15.
Bxc3 Nc5 16. b4 Nxd3 17. Qxd3 f5 18. Rbd1 Rad8 19. exf5 Rxf5 20. Rfe1 Rd7 21.
Qe4 Rf4 22. Qxc6 Rxc4 23. Qf3 Qf6 24. Qd3 Qf5 25. Qxf5 Bxf5 26. Ba1 h5 27. Rd2
Kf7 28. f3 h4 29. Kf2 Ke6 30. Bb2 g5 31. Rde2 Rdc7 32. Rd2 Rb7 33. Red1 Rb6 34.
Re2 Rb5 35. Bc1 Bc2 36. Rdd2 Bd3 37. Re1 Bg6 38. Rde2 Kf6 39. Bb2 Rd5 40. Rc1
Rxc1 41. Bxc1 Rd3 42. Rd2 d5 43. Rxd3 Bxd3 44. g3 hxg3+ 45. Kxg3 Bb5 46. Bd2 Kf5
47. Kf2 Bd7 48. Bc1 d4 49. Bd2 Kf6 50. Kg3 a6 51. Bc1 Bc6 52. Kg4 Bd7+ 53. Kg3
Kf5 54. Kf2 e4 55. fxe4+ Kxe4 56. Bxg5 Bxh3 57. Ke2 d3+ 58. Kd2 Kd4 59. Be7 Bd7
60. Bc5+ Kc4 61. Be7 Bb5 62. Bc5 Kb3 63. Bd6 Kb2 64. Bc5 Kxa3 65. Bd6 Kb3 66.
Bc5 Ka4 67. Bd6 a5 68. bxa5 1/2-1/2

[Event "Mistrzostwa Polski Juniorow do lat 16 - Chlopcy"]
[Site "Jastrzebia Gora"]
[Date "1899-12-30"]
[Round "7.19"]
[White "Stanislawski, Karol"]
[Black "Borowik, Wojciech"]
[Result "0-1"]
[WhiteTitle "I"]
[BlackTitle "I++"]
[WhiteElo "1844"]
[BlackElo "1890"]

1. d4 Nf6 2. Nf3 g6 3. g3 Bg7 4. Bg2 O-O 5. O-O d6 6. b3 b5 7. Bb2 Bb7 8. c4 bxc4
9. bxc4 Nbd7 10. Nbd2 Rb8 11. Rb1 Ne4 12. Qc2 Nxd2 13. Nxd2 Bxg2 14. Kxg2 e5 15.
e3 Qe7 16. Ba1 f5 17. Rxb8 Rxb8 18. Rb1 Rxb1 19. Nxb1 f4 20. Nc3 f3+ 21. Kxf3
Qf7+ 22. Kg2 exd4 23. Nd5 c6 24. Nf4 d3 25. Qd1 Bxa1 26. Qxa1 Qxc4 27. Qd1 Ne5
28. Qb1 g5 29. Qb8+ Kg7 30. Nh5+ Kg6 31. Qxd6+ Kxh5 32. Qxe5 Kg6 33. Qd6+ Kf7
34. Qd7+ Kf6 35. Qd6+ Kf5 36. Qd7+ Ke5 37. Qe7+ Kd5 38. Qxg5+ Kd6 39. Qd8+ Kc5
40. Qe7+ Kb5 41. Qd6 c5 42. Qb8+ Ka4 43. Qxa7+ Kb4 44. Qb7+ Ka3 45. Qa7+ Kb2 46.
Qb7+ Kc1 47. Qxh7 d2 0-1

[Event "Mistrzostwa Polski Juniorow do lat 16 - Chlopcy"]
[Site "Jastrzebia Gora"]
[Date "1899-12-30"]
[Round "7.20"]
[White "Kusiak, Mateusz"]
[Black "Rozek, Michal"]
[Result "1-0"]
[WhiteTitle "I++"]
[BlackTitle "I"]
[WhiteElo "1909"]
[BlackElo "1591"]

1. e4 e5 2. Nf3 Nc6 3. Bb5 Nf6 4. O-O Nxe4 5. d4 Nd6 6. Bxc6 dxc6 7. dxe5 Nf5 8.
Qxd8+ Kxd8 9. Rd1+ Ke8 10. Nc3 Be7 11. Bf4 Be6 12. g4 Nh4 13. Nxh4 Bxh4 14. f3
Be7 15. Kg2 Rd8 16. Ne2 h5 17. h3 h4 18. Nd4 g5 19. Be3 Rd5 20. Nf5 Rg8 21. Rxd5
cxd5 22. Bxa7 b6 23. a4 Bc5 24. a5 Bxf5 25. gxf5 Kd7 26. axb6 cxb6 27. b4 Bxb4
28. Bxb6 Bc3 29. Ra7+ Kc6 30. Rc7+ Kxb6 31. Rxc3 Re8 32. Re3 Kc5 33. Re2 d4 34.
f4 Kd5 35. Kf3 gxf4 36. Kxf4 d3 37. cxd3 Kd4 38. e6 fxe6 39. fxe6 Kxd3 40. Re1
Kd4 41. e7 Kd5 42. Kf5 Kd6 43. Kf6 Kd7 44. Kf7 Rh8 45. e8=Q+ Rxe8 46. Rxe8 1-0

[Event "Mistrzostwa Polski Juniorow do lat 16 - Chlopcy"]
[Site "Jastrzebia Gora"]
[Date "1899-12-30"]
[Round "7.21"]
[White "Przybylski, Bartosz"]
[Black "Jaworski, Tymon"]
[Result "0-1"]
[WhiteTitle "I"]
[BlackTitle "I+"]
[WhiteElo "1868"]
[BlackElo "1825"]

1. e4 c5 2. Nc3 Nc6 3. Bb5 e6 4. Bxc6 bxc6 5. Nge2 d5 6. d3 Bd6 7. O-O Ne7 8. f4
f5 9. Ng3 O-O 10. e5 Bc7 11. Na4 Bb6 12. c4 dxc4 13. dxc4 Qd4+ 14. Qxd4 cxd4 15.
c5 Ba5 16. Rd1 Rd8 17. Bd2 Bxd2 18. Rxd2 Ba6 19. Rad1 d3 20. b3 Rd4 21. Nh5 Kf7
22. Rf1 Kg6 23. Ng3 Nd5 24. Nb2 Rd8 25. Nc4 Bxc4 26. bxc4 Nxf4 27. Rfd1 Rxc4 0-1

[Event "Mistrzostwa Polski Juniorow do lat 16 - Chlopcy"]
[Site "Jastrzebia Gora"]
[Date "1899-12-30"]
[Round "7.22"]
[White "Stepinski, Piotr"]
[Black "Ptaszynski, Szymon"]
[Result "1-0"]
[WhiteTitle "I"]
[BlackTitle "I"]
[WhiteElo "1759"]
[BlackElo "1764"]

1. e4 c5 2. Nf3 e6 3. c3 d5 4. exd5 Qxd5 5. Na3 Nc6 6. Be2 Nf6 7. d4 cxd4 8. Nb5
Qd8 9. Nbxd4 Nxd4 10. Nxd4 a6 11. O-O Be7 12. Bf3 e5 13. Nb3 Qxd1 14. Rxd1 e4
15. Be2 O-O 16. Be3 Be6 17. Nd4 Bg4 18. Bxg4 Nxg4 19. Nf5 Bf6 20. Rd7 Nxe3 21.
Nxe3 b5 22. Rad1 Rfd8 23. Nf5 Kf8 24. Rxd8+ Bxd8 25. Ng3 Bb6 26. Nxe4 Re8 27.
Ng3 Re6 28. Kf1 g6 29. f3 f5 30. Rd7 h5 31. Ne2 Ke8 32. Rd3 Ke7 33. Nf4 Rc6 34.
Nd5+ Ke6 35. Nb4 Rc4 36. Nxa6 Ra4 37. Nb4 Bc5 38. a3 Bxb4 39. axb4 Ra1+ 40. Ke2
Rh1 41. h3 Rg1 42. Kf2 Rb1 43. Rd2 f4 44. Ke2 Kf6 45. Kd3 Kg5 46. c4 bxc4+ 47.
Kxc4 Rc1+ 48. Kb5 Rc8 49. Ka6 Ra8+ 50. Kb7 Ra4 51. b5 Kh4 52. b6 Kg3 53. Kc7 Rc4+
54. Kb8 Rb4 55. b7 g5 56. Rc2 g4 57. hxg4 hxg4 58. fxg4 Kxg4 59. Kc7 1-0

[Event "Mistrzostwa Polski Juniorow do lat 16 - Chlopcy"]
[Site "Jastrzebia Gora"]
[Date "1899-12-30"]
[Round "7.23"]
[White "Murawski, Milosz"]
[Black "Szymkiewicz, Witold"]
[Result "1/2-1/2"]
[WhiteTitle "I"]
[BlackTitle "I+"]
[WhiteElo "1691"]
[BlackElo "1754"]

1. Nf3 d5 2. d4 g6 3. g3 Bg7 4. Bg2 c5 5. O-O Nc6 6. e3 Nf6 7. Nbd2 O-O 8. c4 cxd4
9. Nxd4 Nxd4 10. exd4 e6 11. c5 b6 12. cxb6 Qxb6 13. Nb3 Ba6 14. Re1 Nd7 15. Be3
Bc4 16. Nd2 Rfc8 17. Rc1 Qa6 18. Nxc4 Rxc4 19. Bf1 Rxc1 20. Bxa6 Rxd1 21. Rxd1
Rb8 22. b3 Rb6 23. Be2 Nb8 24. Rc1 Rc6 25. Bb5 Rxc1+ 26. Bxc1 Bxd4 27. Bf4 e5
28. Bg5 a6 29. Ba4 f6 30. Bxf6 Kf7 31. Bd8 Ke6 32. Kf1 Nd7 33. Bxd7+ Kxd7 34.
Ba5 Ke6 35. Ke2 Kf5 36. h3 Bc5 37. a4 Bd4 38. Bd2 h5 39. f3 e4 40. b4 Bb6 41.
b5 a5 42. fxe4+ Kxe4 43. Bf4 Bd8 44. Be3 d4 45. Bf4 Bb6 46. h4 Bd8 47. Bb8 Bb6
48. Kd2 d3 49. Kd1 Kd4 50. Bf4 Ke4 51. Kd2 Kd4 52. Bg5 Kc4 53. Be7 Ba7 54. Bd6
1/2-1/2